| 000 | 00496nab a2200145Ia 4500 | ||
|---|---|---|---|
| 003 | ES-SlBCS | ||
| 005 | 20210601124314.0 | ||
| 008 | 140529s1984 xxu||||| |||| 00| 0 eng d | ||
| 041 | _aeng | ||
| 100 | 1 |
_aSimon, Roger I. _9139472 |
|
| 245 | 0 | 0 |
_aSingposts for a Critical Pedagogy: A Review of Henry Giroux's Theory and Resistance in Education _c Roger I. Simon |
| 650 | 0 | 4 |
_aPedagogía Crítica _9139473 |
| 773 | 0 |
_tEducational Theory _gvol. 34, nº. 4, 1984, págs. 379-388 _wRev1399 |
|
| 942 | _cAR | ||
| 999 |
_c512638 _d512638 |
||